| 000 | 01189cam a2200325 a 4500 | ||
|---|---|---|---|
| 999 |
_c129553 _d129553 |
||
| 001 | 2436491 | ||
| 003 | ARRUPE | ||
| 005 | 20190503100900.0 | ||
| 008 | 880318s1989 njua b s001 0 eng | ||
| 010 | _a 88010111 | ||
| 020 |
_a081351360X : _c$28.00 |
||
| 040 |
_aDLC _cDLC _dDLC |
||
| 043 | _af-nr--- | ||
| 050 | 0 | 0 |
_aDT515.45.I35 _bH65 1989 |
| 082 | 0 | 0 |
_a305.2/3/089963 _219 |
| 100 | 1 |
_aHollos, Marida, _d1940- _946222 |
|
| 245 | 1 | 0 |
_aBecoming Nigerian in Ijo society / _cMarida Hollos and Philip E. Leis. |
| 260 |
_aNew Brunswick [N.J.] : _bRutgers University Press, _cc1989. |
||
| 300 |
_axxii, 167 p. : _bill. ; _c23 cm. |
||
| 440 | 0 |
_aAdolescents in a changing world _946223 |
|
| 500 | _aIncludes index. | ||
| 504 | _aBibliography: p. 159-161. | ||
| 650 | 0 |
_aIjo (African people) _xYouth _946224 |
|
| 650 | 0 |
_aIjo (African people) _xChildren _946225 |
|
| 650 | 0 |
_aIjo (African people) _xSocial conditions. _946226 |
|
| 651 | 0 |
_aNigeria _xSocial conditions _y1960- _99123 |
|
| 700 | 1 |
_aLeis, Philip E. _946227 |
|
| 906 |
_a7 _bcbc _corignew _d1 _eocip _f19 _gy-gencatlg |
||
| 942 |
_2lcc _cMONOGRAPH |
||